书目信息 |
| 题名: |
公共写作课教程
|
|
| 作者: | 路德庆 主编 | |
| 分册: | ||
| 出版信息: | 北京 高等教育出版社 1995.03 |
|
| 页数: | 384页 | |
| 开本: | 20cm | |
| 丛书名: | ||
| 单 册: | ||
| 中图分类: | H15 | |
| 科图分类: | ||
| 主题词: | 汉语--写作 , 汉语--修辞 | |
| 电子资源: | ||
| ISBN: | 7-04-005310-1 | |
| 000 | 00575nam0 2200205 45 | |
| 001 | 0236080871 | |
| 005 | 2002061010012088 | |
| 010 | @a7-04-005310-1@dRMB 12.00 | |
| 100 | @a20020610d1995 km y0chiy0120 ea | |
| 101 | 0 | @achi |
| 102 | @aCN@b110000 | |
| 200 | 1 | @a公共写作课教程@Agong gong xie zuo ke jiao cheng@f路德庆主编@Flu de qing zhu bian |
| 210 | @a北京@c高等教育出版社@d1995.03 | |
| 215 | @a384页@d20cm | |
| 606 | 0 | @a汉语@x写作 |
| 606 | 0 | @a汉语@x修辞 |
| 690 | @aH15@v3 | |
| 701 | 0 | @a路德庆@Alu de qing@4主编 |
| 801 | 0 | @aCN@bPFT@c20020610 |
| 905 | @a10447@dH15@eL875 | |
| 公共写作课教程/路德庆主编.-北京:高等教育出版社,1995.03 |
| 384页;20cm |
| ISBN 7-04-005310-1:RMB 12.00 |
| ● |
| 相关链接 |
|
|
|
正题名:公共写作课教程
索取号:H15/L875
 
预约/预借
| 序号 | 登录号 | 条形码 | 馆藏地/架位号 | 状态 | 备注 |
| 1 | 361881 | 203618816 | 语言库209/209语言库 73排4列6层/ [索取号:H15/L875] | 在馆 | |
| 2 | 361882 | 203618825 | 语言库209/209语言库 73排4列6层/ [索取号:H15/L875] | 在馆 | |
| 3 | 361883 | 203618834 | 语言库209/209语言库 73排4列6层/ [索取号:H15/L875] | 在馆 |